| 000 | 00700nam a22002172 4500 | ||
|---|---|---|---|
| 001 | 0000023768 | ||
| 005 | 20151217155234.0 | ||
| 008 | 130322s xx 000 0 eng d | ||
| 020 | _a9781350881 : | ||
| 040 |
_aKABU _cKABU |
||
| 100 | 1 |
_aIlori, Joseph A. _@0000183468 |
|
| 245 | 1 | 0 |
_aPhilosophy of christian education : _ban African perspective / _cJoseph A. Ilori. |
| 250 | _a1st ed. | ||
| 260 |
_aNigeria : _bAfrican christian textbooks, _c2002. |
||
| 300 | _a176 p. | ||
| 650 | 0 |
_aChristian education _xphilosophy. _@0000183469 |
|
| 650 | 0 |
_aChristian education _zAfrica. _@0000183470 |
|
| 852 | 1 | _9p720 KES | |
| 908 | _a130322 | ||
| 950 | _@1 | ||
| 999 |
_c12203 _d12203 |
||